=LDR 00000nam 2200000 4500 =001 INLIS000000000038501 =005 20130612144152 =008 ***********************************Ind** =035 ##$$0010-061300000038501 =041 ##$$a Ind =082 ##$$a 7007 =090 ##$$a 7007, Kar u =100 ##$$a Kartajaya, Hermawan =245 ##$$a Ubud the spirit of bali, Hermawan Kartjaya dan Bembi dewi Andrio M =260 ##$$a 2009 $b Jakarta =300 ##$$a xviii, 258 hlm, Ilus, 24 cm =650 ##$$a Kesenian - Pameran =700 ##$$a Indrio M, Bembi dewi =850 ##$$a NBPNMAT